000 01960nam a2200397 i 4500
003 DO-SdBNP
005 20241113135717.0
007 ta
008 230721b1998 dr abc|| |||| 00| 0 spa d
020 _a8477825874
040 _aDO-SdBNP
_bspa
_cBNPHU
_erda
041 1 7 _aspa
_aeng
_afre
082 4 _a972.93
_bP438c
_222
100 1 _aPérez Montás, Eugenio,
_913156
_eautor
245 1 3 _aLa ciudad del Ozama 500 años de historia urbana /
_cEugenio Pérez Montás ; coordinación, José Chez Checo ; fotografías, Francisco Monosalvas Gómez ; traducción al francés, Yvonne Bellion, Danielle Carrón, traducción al inglés, Robert Mº Collum, Marta Lugo
246 _aOzama City :
_b500 years of urban history
246 _aVille de l'Ozama :
_b500 ans d'histoire urbaine
264 1 _aSanto Domingo, República Dominicana :
_bPatronato de la Ciudad Colonial de Santo Domingo : Centro de Altos Estudios Humanísticos y del Idioma Español adscrito a la Universidad Católica Santo Domingo,
_c1998.
300 _a550 páginas :
_bilustraciones, fotografías, mapas, retratos ;
_c31 cm.
336 _atexto
_btxt
_2rdacontent
337 _asin mediación
_bn
_2rdamedia
338 _avolumen
_bnc
_2rdacarrier
500 _aIncluye índice
500 _aIncluye referencias bibliográficas y notas al pie de las páginas
546 _aTexto en Español, Inglés y Francés
590 _aInventariado, 2023/BT
651 7 _aSanto Domingo (República Dominicana)
_xHistoria
_9171
700 1 _aChez Checo, José,
_d1949-
_910145
_ecoord.
700 1 _aMonosalvas Gómez , Francisco,
_efotografías
_986790
700 1 _aBellion, Yvonne
_etraducción al francés
_982126
700 1 _aCarrón, Danielle
_etraducción al francés
_986791
700 1 _aCollum, Robert Mº
_e traducción al inglés
_986792
700 1 _aLugo, Marta
_e traducción al inglés
_986793
910 _aBtavárez/Validado
942 _2ddc
_cLBS1
999 _c54237
_d54237